| 000 | 00827cam a2200289 a 4500 | ||
|---|---|---|---|
| 020 | _a0767411293 | ||
| 040 | _cDLC | ||
| 082 | _a808 MAY 2000 A092 Or. | ||
| 100 | 1 | _aLaGuardia, Dolores. | |
| 245 | 1 | 0 |
_aAmerican voices : _bculture and community / |
| 250 | _a4th ed. | ||
| 260 |
_aMountain View, CA : _bMayfield Pub. Co., _cc2000. |
||
| 300 |
_axxvii, 692 p. ; _c24 cm. |
||
| 500 | _aIncludes index. | ||
| 650 | 0 | _aReaders | |
| 650 | 0 | _aCultural pluralism | |
| 650 | 0 | _aEthnology | |
| 650 | 0 | _aEthnic groups | |
| 650 | 0 | _aCulture | |
| 650 | 0 | _aEnglish language | |
| 650 | 0 | _aCritical thinking. | |
| 650 | 0 | _aCollege readers. | |
| 700 | 1 | _aGuth, Hans Paul, | |
| 856 | 4 | 2 | _uhttp://www.loc.gov/catdir/description/mh024/99024016.html |
| 856 | 4 | 1 | _uhttp://www.loc.gov/catdir/toc/mh023/99024016.html |
| 942 | _cEK | ||
| 999 |
_c11633 _d11633 |
||